Terapia familiar del abuso y adicción a las drogas.
Gespeichert in:
| 1. Verfasser: | |
|---|---|
| Weitere Verfasser: | , |
| Format: | Buch |
| Sprache: | Englisch |
| Veröffentlicht: |
Barcelona, España:
Gedisa,
1997.
|
| Ausgabe: | Tercera edición. |
| Schriftenreihe: | Colección Terapia Familiar.
|
| Schlagworte: | |
| Tags: |
Tag hinzufügen
Keine Tags, Fügen Sie den ersten Tag hinzu!
|
MARC
| LEADER | 00000nam a22000007a 4500 | ||
|---|---|---|---|
| 003 | CL-VaPUC | ||
| 005 | 20241115115035.0 | ||
| 008 | 220524b1997 ||||| |||| 00| 0 eng d | ||
| 999 | |c 435700 |d 435698 | ||
| 020 | |a 978-84-7432-289-7 | ||
| 040 | |c Pontificia Universidad Católica de Valparaíso | ||
| 082 | 7 | |a 616.86306 STA 1997 |2 22 | |
| 100 | 1 | |a Stanton, M.D |e autor |9 869685 | |
| 245 | |a Terapia familiar del abuso y adicción a las drogas. | ||
| 250 | |a Tercera edición. | ||
| 260 | |a Barcelona, España: |b Gedisa, |c 1997. | ||
| 300 | |a 363 páginas | ||
| 490 | |a Colección Terapia Familiar. | ||
| 500 | |a c.1 Comodato-SENDA | ||
| 583 | |c 20220524 |k Cristina María Rojas Aguilar | ||
| 650 | |a Abuso de drogas |x Tratamiento |9 869686 | ||
| 650 | |a Drogodependencia |x Tratamiento |9 869687 | ||
| 650 | |a Psicoterapia familiar |9 310747 | ||
| 700 | |a Todd, T.C |e autor |9 869692 | ||
| 700 | |a Gardini, Carlos |e traducción |9 865467 | ||
| 942 | |2 ddc |c BK | ||
| 952 | |0 0 |1 0 |2 ddc |4 0 |6 616_863060000000000_STA_1997 |7 0 |8 C_SENDA |9 583231 |a BIBEDU |b BIBEDU |c ES_NOD |d 2022-05-24 |e Comodato-SENDA |i 5651354 |o 616.86306 STA 1997 |p 5651354 |r 2023-08-09 |t 1 |w 2022-05-24 |x 07514005101 |y BK |k BME | ||